Geometry Dash Demonlist Quiz - 2016 - Statistics

General Stats
  • This quiz has been taken 55 times
  • The average score is 17 of 55
Answer Stats
Rank Published By Answer % Correct
Top 3 Riot Bloodbath
100%
#22 Ggb0y Cataclysm
84%
Top 2 TrusTa Sakupen Hell
82%
Top 1 ViPriN Artificial Ascent
77%
#6 KrmaL Phobos
68%
#8 KrmaL Conical Depression
59%
#23 Roadbose ICE Carbon Diablo X
59%
#14 nikroplays Allegiance
55%
#5 Exenity Athanatos
55%
#24 Andromeda The Ultimate Phase
50%
#11 TeamN2 A Bizarre Phantasm
43%
#15 Satcho aftermath
41%
#7 AZuLer4 Hatred
41%
#21 KrmaL Heartbeat
41%
#53 Giron Plasma Pulse II
41%
#12 Riot Red World Rebirth
41%
#28 WOOGI1411 Retention
41%
#20 SoulsTRK AcropoliX
36%
#9 weoweoto Betrayal of Fate
36%
#4 Ggb0y Infernal Abyss
34%
#16 Smokes Plasma Pulse III
34%
#18 TeamN2 The Hell Factory
34%
#13 TeamN2 Artificial Ideology
32%
#51 CreeperMILK Creeper Force
32%
#55 RLOL Wolfstep
32%
#10 GoodSmile Audio Extraction
30%
#43 RedUniverse Crimson Clutter
30%
#19 Spectra Down Bass
30%
#46 Nacho21 Duelo Maestro
27%
#54 Megadere The JanuS Miracle
27%
#17 Surv Breakout
25%
#37 knobbelboy Dark RainBow Rebirth
25%
#33 Stormfly Hate War
25%
#26 IIIRyanIII The Flawless
25%
#40 NePtunE Necropolis
23%
#32 LazerBlitz Quest for Perfection
23%
#27 KrmaL Elite Z Rebirth
20%
#52 Hinds Night Terrors
20%
#25 Blad3M Uprise
18%
#41 Hinds Cyber Chaos
16%
#30 Mazl Photovoltaic
14%
#31 TeamSmokeWeed Galatic Fragility
11%
#42 ViPriN Ultraviolet
11%
#49 pasiblitz X Adventure
11%
#47 WOOGI1411 Asymmetry
9%
#29 xnail Kurumi City
9%
#34 Lalter Catastrophic
7%
#35 MidNight Entwined Room
7%
#38 Noriega Wander of Thought
7%
#39 SrGuillester Cosmic Calamity
5%
#48 Eiken Elements X
5%
#45 KeiAs Future Circles
5%
#36 Bianox Galaxy Breaker
5%
#44 Smokes Light Years
5%
#50 CronosCrl New Supersonic
5%
No matching quizzes found
Score Distribution
Percent of People with Each Score
Percentile by Number Answered
Your Score History
You have not taken this quiz